000 00529nam a22001697a 4500
005 20251108164320.0
008 250721s9999 xx 000 0 ara d
082 1 4 _a418.2/سقا
100 1 _aسقال، ديزيره
245 1 0 _aصناعة الإنشاء للصفين الأول و الثاني التكميليين /
264 1 _aبيروت :
_bدار الصداقة العربية،
_c[19-].
300 _a235ص.
650 1 7 _aاللغة العربية
650 1 7 _aالتعبير
942 _2ddc
_cBK
999 _c9120
_d9120